000 00774nas a2200289 4500
001 BR2013000242
003 BR-BrBNA
005 20231205121752.0
007 ta
008 230509b bl.|||p| |||| 00| 00por d
040 _aBR-BrBNA
_bpor
_cBiblioteca Nacional de Agricultura
041 _a(Pt)
072 _aE71; E70
100 1 _aViera, P.A.
100 1 _aContini, E.
245 1 _aImplicações para o agronegócio
650 _aESTADOS UNIDOS
650 _aAGRONEGÓCIO
650 _aCLIMA
650 _aSECA
650 _aPREÇO
650 _aIMPACTO ECONÔMICO
650 _aBRASIL
773 0 _tAgroanalysis (Brazil)
_xISSN 0100-4298
_g(Jan 2013), v. 33(1) p. 19-20
_wBR2013000242
909 _a202311
_bLúcia
_c55
_dLúcia Elande
942 _2AGRIS
_n0
_cANA
999 _c225158
_d225158